<?xml version="1.0" encoding="UTF-8"?>
<marc:record xmlns:marc="http://www.loc.gov/MARC21/slim">
   <marc:leader>00000nam a2200000 a 4500</marc:leader>
   <marc:datafield ind1="1" ind2=" " tag="100">
      <marc:subfield code="a">Groult, Jean-Michel</marc:subfield>
      <marc:subfield code="4">aut</marc:subfield>
      <marc:subfield code="e">Verfasser/-in</marc:subfield>
   </marc:datafield>
   <marc:datafield ind1="0" ind2="0" tag="245">
      <marc:subfield code="a">Gemüsegärtnern super einfach</marc:subfield>
   </marc:datafield>
   <marc:datafield ind1=" " ind2="1" tag="264">
      <marc:subfield code="b">Eugen Ulmer KG</marc:subfield>
      <marc:subfield code="c">2019</marc:subfield>
   </marc:datafield>
   <marc:datafield ind1="1" ind2=" " tag="520">
      <marc:subfield code="a">Sie haben noch keinen grünen Daumen, wollen aber die erste eigene Ernte einfahren? Dann ist dieses Buch genau  das richtige. Fast 400 Fotos zeigen ganz genau, was wann wie aussehen soll und was dann zu tun ist.

35 Gemüsearten, die garantiert bei jedem wachsen und für die erste eigene Ernte sorgen.

Das ideale Einsteigerbuch für alle, die zum ersten Mal eigenes Gemüse ernten wollen. </marc:subfield>
   </marc:datafield>
   <marc:datafield ind1=" " ind2=" " tag="020">
      <marc:subfield code="a">9783818607838</marc:subfield>
      <marc:subfield code="9">9783818607838</marc:subfield>
   </marc:datafield>
</marc:record>
